| 000 | 00499nam a2200145 a 4500 | ||
|---|---|---|---|
| 008 | 120416s0000 ||||||||||||||||| || u | ||
| 020 | _a0408700491 | ||
| 050 | _aTP 363 Non | ||
| 100 | _aNonhebel, G | ||
| 245 | 1 | 0 | _aDrying of solids in the chemical industry |
| 260 |
_aLondon _bButterworths _c1971 |
||
| 300 | _a292p. : ill. | ||
| 350 | _a0.00 | ||
| 995 |
_D0.00 _FCBU-MAIN LIBRARY (Kitwe) _H1 _I11.50 _UAVAILABLE _ZAnnex Low-Usage Collection |
||
| 999 |
_c40517 _d40517 |
||